Library Banner

Civil law cases [CLC, 1998] : (Record no. 47083)

MARC details
000 -LEADER
fixed length control field 00530nam a2200193Ia 4500
001 - CONTROL NUMBER
control field 49331
005 - DATE AND TIME OF LATEST TRANSACTION
control field 20220118155930.0
008 - FIXED-LENGTH DATA ELEMENTS--GENERAL INFORMATION
fixed length control field 140430s9999 xx 000 0 und d
020 ## - INTERNATIONAL STANDARD BOOK NUMBER
International Standard Book Number NA
040 ## - CATALOGING SOURCE
Transcribing agency PK-LaUMT
082 ## - DEWEY DECIMAL CLASSIFICATION NUMBER
Classification number 346.00264P
Item number CIV-
245 ## - TITLE STATEMENT
Title Civil law cases [CLC, 1998] :
Remainder of title monthly journal of civil ruling /
Statement of responsibility, etc edited by Malik Muhammad Saeed
260 ## - PUBLICATION, DISTRIBUTION, ETC. (IMPRINT)
Place of publication, distribution, etc Lahore,Pakistan:
Name of publisher, distributor, etc The Civil Law Cases,
Date of publication, distribution, etc 1998
300 ## - PHYSICAL DESCRIPTION
Extent 3 vols.
501 ## - WITH NOTE
With note 3 vols.
546 ## - LANGUAGE NOTE
Language note EN
650 ## - SUBJECT ADDED ENTRY--TOPICAL TERM
Topical term or geographic name as entry element Civil cases-Pakistan
942 ## - ADDED ENTRY ELEMENTS (KOHA)
Koha item type Law and Policy Journals
Holdings
Withdrawn status Lost status Damaged status Home library Current library Date acquired Full call number Barcode Date last seen Copy number Price effective from Koha item type
      UMT Main Campus UMT Main Campus 2014-04-30 346.00264P CIV- 58763 2014-05-06 Vol.1 2014-05-06 Books
      UMT Main Campus UMT Main Campus 2014-06-27 346.00264P CIV- 58764 2014-06-27 Vol.2 2014-06-27 Books
      UMT Main Campus UMT Main Campus 2014-06-27 346.00264P CIV- 58765 2014-06-27 Vol.3 2014-06-27 Books